000 00768nam a2200205Ii 4500
003 JO-AjNU
008 230605s9999||||xx |||||||||||||| ||und||
040 _aJO-AjNU
_bara
_erda
_cJO-AjNU
041 _aara
050 1 4 _aHT151 .H32 1986
100 3 _aترجمة: محمود حمندي ؛ مراجعة: فخري خليل,
_eauthor
_917535
245 0 0 _aحاضرة المستقبل عن مجلة ديدالس
264 3 1 _aبغداد: دار الشؤون الثقافية العامة، 1986
300 _a253ص
336 _atext
_btxt
_2rdacontent
337 _aunmediated
_bn
_2rdamedia
338 _avolume
_bnc
_2rdacarrier
490 0 _aسلسلة المائة كتاب
650 4 _aالتكنولوجيا والحضارة - علم اجتماع حضري
_917536
999 _aA5434
_c9002
_d9002